USA - dovozný a vývozný režim vo vzťahu k Slovensku. 2 Doložka najvyšších výhod

Doložka najvyšších výhod, všeobecný systém preferencií, kvantitatívne obmedzenia, kontrola exportu. Označovanie potravín podľa 26 pravidiel publikovaných Food and Drug Administration (FDA). Federal Food, Drug and Cosmetic Act upravuje dovoz liekov a kozmetických výrobkov. Označovanie pôvodu tovaru a...

Descripción completa

Guardado en:
Detalles Bibliográficos
Formato: Capítulo de libro
Lenguaje:eslovaco
Materias:
Etiquetas: Agregar Etiqueta
Sin Etiquetas, Sea el primero en etiquetar este registro!

MARC

LEADER 00000naa a2200000 4500
001 r024149
005 20221213113637.9
041 0 |a slo 
044 |a SK 
245 1 0 |a USA - dovozný a vývozný režim vo vzťahu k Slovensku. 2  |b Doložka najvyšších výhod 
520 |a Doložka najvyšších výhod, všeobecný systém preferencií, kvantitatívne obmedzenia, kontrola exportu. Označovanie potravín podľa 26 pravidiel publikovaných Food and Drug Administration (FDA). Federal Food, Drug and Cosmetic Act upravuje dovoz liekov a kozmetických výrobkov. Označovanie pôvodu tovaru a colné predpisy, spôsob označovania slovenských výrobkov. Zodpovednosť za škody, antidumpingová problematika, dodávky pre vládny sektor, prekážky voľného obchodu. 
610 2 0 |a USA 
610 2 0 |a Slovensko 
610 2 0 |a dohody obchodné 
610 2 0 |a dovoz 
610 2 0 |a vývoz 
610 2 0 |a doložka výhod najvyšších 
610 2 0 |a dumping 
610 2 0 |a obchod voľný 
610 2 0 |a bariéry obchodu zahraničného 
610 2 0 |a GSP